| 000 | 02094cam a22006014i 4500 | ||
|---|---|---|---|
| 003 | PE-LiUPU | ||
| 005 | 20250731170407.0 | ||
| 008 | 150617s r 000 0 d | ||
| 035 | _a(Sirsi) a13583 | ||
| 040 |
_aPE-LiUPU _bspa _cPE-LiUPU _erda |
||
| 049 | _aPRUA | ||
| 082 | 0 | 4 |
_a128.3 _bC77 _221 |
| 100 | 1 |
_aCoreth, EmerichHerder, _eautor. |
|
| 245 | 1 | 1 |
_a¿Qué es el Hombre? : _besquema de una Antropología Filosófica / _cEmerich Coreth. |
| 264 | 1 |
_aBarcelona : _bHerder, _c1982. |
|
| 300 |
_a268 páginas ; _c22 cm |
||
| 336 |
_atext _2rdacontent |
||
| 337 |
_aunmediated _2rdamedia |
||
| 338 |
_avolume _2rdacarrier |
||
| 505 | 0 | _aIntroducción. -La relación del Hombre con el Mundo. -La autorrealización del Hombre. -La esencia del Hombre. -El autodesarrollo del Hombre. | |
| 526 | _aSEG68 | ||
| 526 | _aSEG70 | ||
| 526 | _aSEG69 | ||
| 526 | _aSEG67 | ||
| 526 | _aSEG43 | ||
| 526 | _aP144 | ||
| 526 | _aP143 | ||
| 526 | _aP131 | ||
| 526 | _aP122 | ||
| 526 | _aP120 | ||
| 526 | _aP117 | ||
| 526 | _aP112 | ||
| 526 | _aP110 | ||
| 526 | _aP106 | ||
| 526 | _aP101 | ||
| 526 | _aP80 | ||
| 526 | _aP59 | ||
| 526 | _aP54 | ||
| 526 | _aP35 | ||
| 526 | _aP33 | ||
| 526 | _aP30 | ||
| 650 | 0 | 4 | _aAntropología filosófica. |
| 910 |
_ajck _bjvq _cjck _d20150616 |
||
| 942 |
_2ddc _cBOOK |
||
| 949 |
_a128.3 C77 _wDEWEY _c1 _i23563 _lCCODEBUL1 _mBUL _p00.00 _r0 _sY _tBOOK _u19850515 _xBIBLIOTECA _zUNKNOWN _0COMPRA _o.STAFF. Colección General |
||
| 949 |
_a128.3 C77 _wDEWEY _c2 _i23562 _lCCODEBUL1 _mBUL _p00.00 _r0 _sY _tBOOK _u19850515 _xBIBLIOTECA _zUNKNOWN _0COMPRA _o.STAFF. Colección General |
||
| 994 |
_aC0 _bPEPRU |
||
| 596 | _a1 | ||
| 999 |
_a128.3 C77 _wDEWEY _c3966 _i23563 _d3966 _e2017-5-2 _f2019-12-10 _g4 _lDISCARD _mBUL _n2 _r1 _sY _tBOOK _u2015-6-17 _xSALUD _zUNKNOWN _0COMPRA _o.STAFF. Colección General |
||
| 999 |
_a128.3 C77 _wDEWEY _c2 _i23562 _d2019-9-1 _e2019-7-12 _f2021-11-4 _g5 _lCCODEBUL1 _mBUL _n3 _q1 _r0 _sY _tBOOK _u2015-6-17 _xBIBLIOTECA _zUNKNOWN _0COMPRA _o.STAFF. Colección General |
||
| 980 |
_81 _gALBERTO SANCHEZ Responsable de Automatización |
||